00220nam a2200085Ia 4500008004100000245002500041260004200066260000900108999001700117170620s9999 xx 000 0 und d 0aManagement Education bNew Delhi- Discovery Publishing House c2006 c24416d24416